000 00409nam a2200157 i 4500
001 89231
003 ES-MaACL
005 20230906180126.0
007 t|
008 050105s1962 fr ||||1| fre d
100 1 _aLangfus, Anna.
_970051
245 1 4 _aLes bagages de sable /
_cAnna Langfus.
260 _a[Paris] :
_bGallimard,
_c1962.
300 _a240 p. ;
_c21 cm.
852 _aES-MaACL
_jC-27667
_bR.56043
999 _c89231
_d89231